| 000 -LEADER |
| fixed length control field |
01267nam a22001937a 4500 |
| 005 - DATE AND TIME OF LATEST TRANSACTION |
| control field |
20260127151757.0 |
| 008 - FIXED-LENGTH DATA ELEMENTS--GENERAL INFORMATION |
| fixed length control field |
230718b ||||| |||| 00| 0 eng d |
| 040 ## - CATALOGING SOURCE |
| Transcribing agency |
SSBUL |
| Modifying agency |
SSBUL |
| 082 ## - DEWEY DECIMAL CLASSIFICATION NUMBER |
| Edition number |
23 |
| Classification number |
၃၆၁.၇၇၂ အောင် ၁၆၀၆၁ (S-SAT) |
| 100 0# - MAIN ENTRY--PERSONAL NAME |
| Personal name |
အောင်လှိုင်မြင့်၊ |
| Titles and words associated with a name |
စိုင်း၊ |
| Fuller form of name |
(ကမ္ဘာ့ကြက်ခြေနီအမြင့်ဆုံး ဟင်နရီဒူးနန်ဘွဲ့ရ)။ |
| 9 (RLIN) |
28126 |
| 245 ## - TITLE STATEMENT |
| Title |
သုံးဆယ့်တစ်ရက် နိုင်ငံခြားခရီး / |
| Statement of responsibility, etc. |
စိုင်းအောင်လှိုင်မြင့် (ကမ္ဘာ့ကြက်ခြေနီအမြင့်ဆုံးဟင်နရီ ဒူးနန်ဘွဲ့ရ)။ |
| 260 ## - PUBLICATION, DISTRIBUTION, ETC. |
| Place of publication, distribution, etc. |
ရန်ကုန်၊ |
| Name of publisher, distributor, etc. |
သင်းစာပေ၊ |
| Date of publication, distribution, etc. |
၁၉၇၈။ |
| 300 ## - PHYSICAL DESCRIPTION |
| Extent |
၂၆၂ စာမျက်နှာ၊ |
| Other physical details |
ဓာတ်ပုံများ၊ |
| Dimensions |
၁၇ စင်တီ။ |
| 500 ## - GENERAL NOTE |
| General note |
S-SAT: Dr. Prof Sai Aung Tun |
| 650 ## - SUBJECT ADDED ENTRY--TOPICAL TERM |
| Topical term or geographic name entry element |
ကြက်ခြေနီ။ |
| 9 (RLIN) |
28127 |
|
| Topical term or geographic name entry element |
ဟင်နရီဒူးနန့်ဆု။ |
| 9 (RLIN) |
28128 |
|
| Topical term or geographic name entry element |
ခရီးသွားမှတ်တမ်း။ |
| 9 (RLIN) |
28129 |
| 942 ## - ADDED ENTRY ELEMENTS (KOHA) |
| Source of classification or shelving scheme |
|
| Koha item type |
Book (Short term) |